| 000 | 00652nam a2200229 a 4500 | ||
|---|---|---|---|
| 001 | BRCA_5505 | ||
| 005 | 20190320205117.0 | ||
| 008 | 030211s1873----fr-a######---#000-0#fre-# | ||
| 041 | _afre | ||
| 044 | _afr | ||
| 050 | 4 |
_aND653.R4 _b.B52 1873 |
|
| 100 | 1 |
_aBlanc, M. Charles _914071 |
|
| 245 | 1 | 0 |
_aL´oeuvre de Rembrandt _cdecrit et commente par M. Charles Blanc. |
| 260 |
_aParís _bA. Levy _c1873 |
||
| 300 |
_a2 v. _bil. 75 láminas _c37 cm. |
||
| 500 | _aIncluye catálogo de obras | ||
| 500 | _aE179 | ||
| 600 | 1 | 4 |
_aRembrandt Harmenszoon van Rijn _d1607-1669 _97357 |
| 650 | 1 | 4 |
_aPintores holandeses _914072 |
| 902 | _aGFM | ||
| 942 |
_2lcc _cB |
||
| 999 |
_c5199 _d5199 |
||